Statistics for Countries with Taiga or Boreal Forest

Click here to take the quiz!

General Stats

  • This quiz has been taken 127 times
  • The average score is 8 of 9

Answer Stats

Country % Correct
Canada
100%
Russia
100%
United States
99%
Norway
98%
Sweden
98%
Finland
98%
Mongolia
85%
Japan (Hokkaido)
83%
Kazakhstan
81%

Score Distribution

Percentile by Number Answered

Percent of People with Each Score

Your Score History

You have not taken this quiz